Musical Artist/Band Names with Umlauts (¨) - Statistics

General Stats
  • This quiz has been taken 196 times
    26 since last reset
  • The average score is 5 of 11
Answer Stats
Debut Clue Artist % Correct
1972 "Don't Fear the Reaper", "Godzilla" {Blue} {Öyster} {Cult}
96%
1981 "Dr. Feelgood", "Shout at the Devil" {Mötley} {Crüe}
92%
1977 "Ace of Spades", Lemmy {Motörhead}
88%
1993 "It's Oh So Quiet", Homogenic {Björk}
56%
1984 Smell the Glove, "Stonehenge" {Spın̈al} {Tap}
36%
1983 Zen Arcade, Bob Mould {Hüsker} {Dü}
32%
1984 Operation: Mindcrime, progressive metal {Queensrÿche}
32%
1994 Godfather of EDM, "The Business" {Tiësto}
28%
1989 "Three Little Pigs", pressured by Kraft Green {Jellÿ}
24%
1998 NJ hip hop duo (clue: Dr. Who) {Dälek}
8%
1981 Martha Splatterhead, thrash/punk The {Accüsed}
8%
No matching quizzes found
Score Distribution
Percent of People with Each Score
Percentile by Number Answered
Your Score History
You have not taken this quiz since the last reset